Normal view
MARC view
- Fernández-Laso, María Cristina
Entry Nombre Personal
001 - NUMERO DE CONTROL
- campo de control: 59133
003 - IDENTIFICADOR DE NUMERO DE CONTROL
- campo de control: UPN
005 - FECHA Y HORA DE LA ÜLTIMA TRANSACCIÓN
- campo de control: 20260323121854.0
008 - DATOS DE LONGITUD FIJA
- campo de control de longitud fija: 260323|| ac|||aabn | a|a d
024 ## - OTROS IDENTIFICADORES NORMALIZADOS
- Fuente: orcid
- Número normalizado o código: https://orcid.org/0000-0001-5719-8888
040 ## - FUENTE DE CATALOGACIÓN
- Agencia original de catalogación: MX-MxUPN
100 1# - ENCABEZAMIENTO - NOMBRE PERSONAL
- Nombre personal: Fernández-Laso, María Cristina
370 ## - LUGAR ASOCIADO
- Place of birth: España
371 ## - DIRECCIÓN
- Electronic mail address: cristina.fernandez@urjc.es
372 ## - CAMPO DE ACTIVIDAD
- Field of activity: Educación patrimonial y turismo, didáctica del turismo, turismo y género y arqueología y género
- Field of activity: Docencia e investigación
373 ## - GRUPO ASOCIADO
- Associated group: Universidad Rey Juan Carlos
374 ## - OCUPACIÓN
- Occupation: Doctora en Historia
- Occupation: Profesora e investigadora universitaria
670 ## - FUENTE EN LA QUE SE LOCALIZARON DATOS
- Cita de la fuente: En recurso en línea: Hekademos : revista educativa digital, No. 39, (2025):
- Información localizada: página 1 (María Cristina Fernández-Laso
- Uniform Resource Identifier: https://www.hekademos.com/index.php/hekademos/article/view/118/100
902 ## - CATALOGADOR
- Catalogador: RGJD/230326
